00334nam a2200109Ia 4500020001800000082001700018100002200035245007100057260003900128300001400167650004300181 a0 85527 147 7 aRR 103 REE-; aReese, William L. 0aDictionary of philosophy and religion: Eastern and Western thought aNew JerseybHumanities Pressc1980 aLv, 644p. aPhilosophy and religion - Dictionaries